Taylor Swift - Down Bad (Lyrics) - Statistics

General Stats
  • This quiz has been taken 134 times
  • The average score is 367 of 416
Answer Stats
Answer % Correct
a
100%
at
100%
bad
100%
bad,
100%
crying
100%
do
100%
down
100%
Down
100%
gym
100%
I
100%
I'm
100%
the
100%
The
100%
can
98%
can't
98%
Fuck
98%
fuck
98%
have
98%
him
98%
if
98%
In
98%
in
98%
it
98%
it,
98%
no
98%
up
98%
up,
98%
us
98%
you
98%
Just
97%
just
97%
me
97%
Now
97%
now
97%
and
95%
to
95%
was
95%
love
93%
Did
92%
might
92%
on
92%
teenage
90%
blood
88%
so
88%
So
88%
come
87%
For
87%
of
87%
out
87%
waking
87%
back
85%
comes
85%
make
85%
Then
85%
die,
83%
difference
83%
Everything
83%
really
83%
leave
82%
not
82%
petulance
82%
get
80%
would
80%
moment
78%
one
78%
stay
78%
all
77%
All
77%
alone
77%
from
77%
here
77%
where
77%
my
75%
naked
75%
take
75%
take-
75%
dust
73%
knew
73%
that
73%
That
73%
beam
72%
chosen
72%
cloud
72%
cosmic
72%
experiments
72%
pick
72%
this
70%
came
68%
is
68%
sparkling
68%
'Cause
67%
it's-
67%
it's
67%
some
67%
your
67%
heaven-
65%
How
65%
Staring
65%
old
63%
say
63%
sky,
63%
struck
63%
Tell
63%
they
63%
bigger
62%
clothes
62%
than
60%
think
60%
about
58%
sent
58%
hollow
57%
loved
57%
same
57%
town
57%
world
57%
I'll
55%
talk
55%
dare
53%
existence
53%
romantic,
53%
safe
52%
seems
52%
stranded?
52%
leaving
50%
planet
50%
closer
48%
hostile
48%
overs,
48%
understand
47%
Showed
45%
somehow
45%
They'll
45%
nuts
43%
build
42%
field
40%
fort
37%
indecent
35%
encounters
32%
exposures
32%
No matching quizzes found
Score Distribution
Percent of People with Each Score
Percentile by Number Answered
Your Score History
You have not taken this quiz